000 00628nas a2200229Ia 4500
001 dd32-44279
003 IT-MiCISF
005 20260121121944.0
008 161014c99999999xx |||||||||||| ||und||
040 _aIT-MiCISF
_cIT-MiCISF
041 _ait
100 _aMelis Moira
245 0 _aDall'innamoramento al progetto generativo: costruire la coppia coniugale
250 _a"La casa", n. 3, settembre
260 _c2007
300 _app. 7-11
500 _arelazione-di-coppia, coppia-in-crisi, conflitto, sviluppo-morale
650 _aCoppia
_956068
654 _aarticolo
942 _cCR
_2ddc
999 _c220081
_d220081
999 _bSi